000 02369cam a2200205 4500
001 2427
005 20181127165123.0
008 841023s1985 nyua 000 1 eng
010 _a 84024720
020 _a0553211951450
_c
100 1 _aTwain, Mark,
_d1835-1910.
240 1 0 _aShort stories
245 1 4 _aThe complete short stories of Mark Twain /
_cedited with an introduction by Charles Neider.
260 _aGarden City, N.Y. :
_bDoubleday,
_cc1985.
300 _axxii, 679 p. :
_bill. ;
_c22 cm.
505 _aCONTENTS: Introduction -- The notorious jumping frog of Calaveras County -- The story of the bad little boy -- Cannibalism in the cars -- A day at Niagara -- Legend of the Capitoline Venus -- Journalism in Tennessee -- A curious dream -- The facts in the great beef contract -- How I edited an agricultural paper -- A medieval romance -- My watch -- Political economy -- Science vs. luck -- The story of the good little boy -- Buck Fanshaw's funeral -- The story of the old ram -- Tom Quartz -- A trial -- The trials of Simon Erickson -- A true story -- Experience of the McWilliamses with membranous. croup -- Some learned fables for good old boys and girls -- The canvasser's tale -- The loves of Alonzo Fitz Clarence and Rosannah Ethelton -- Edward Mills and George Benton: a tale -- The men who put up at Gadsby's -- Mrs. McWilliams and the lightning -- What stumped the bluejays -- A curious experience -- The invalid's story -- The McWilliamses and the burglar alarm -- The stolen white elephant -- A burning brand -- A dying man's confession - - The professor's yarn -- A ghost story -- Luck -- Playing courier -- The Californian's tale -- The diary of Adam and Eve -- The Esquimau maiden's.romance -- Is he living or is he dead? -- The $1,000,000 bank-note -- Cecil Rhodes and the shark -- The joke that made Ed's fortune -- A story without end -- The man that corrupted Hadleyburg -- The death disk -- Two little tales -- The belated Russian passport -- A double- barreled detective story -- Was it heaven? or hell? -- A dog's tale -- Hunting the deceitful turkey -- Extract from Captain Stormfield's visit to heaven -- A fable -- The mysterious stranger.
_g
_r
_t
650 0 _aHumorous stories, American.
651 0 _aUnited States
_xSocial life and customs
_y19th century
_xFiction.
700 1 _aNeider, Charles,
_d1915-
999 _c1946
_d1946